Pilot Project on Concentration and Distribution Measures for a Selected Set of Financial Soundness Indicators /

This paper reports the main findings of a pilot project launched in July 2014 by the IMF's Statistics Department to test augmenting the IMF's financial soundness indicators (FSIs) with concentration and distribution measures (CDMs) to capture tail risks, concentrations, variations in distr...

Cijeli opis

Bibliografski detalji
Glavni autor: Crowley, Joseph
Daljnji autori: Koukpamou, Plapa, Loukoianova, Elena, Mialou, Andre
Format: Žurnal
Jezik:English
Izdano: Washington, D.C. : International Monetary Fund, 2016.
Serija:IMF Working Papers; Working Paper ; No. 2016/026
Teme:
Online pristup:Full text available on IMF
LEADER 02224cas a2200337 a 4500
001 AALejournalIMF016621
008 230101c9999 xx r poo 0 0eng d
020 |c 5.00 USD 
020 |z 9781498337014 
022 |a 1018-5941 
040 |a BD-DhAAL  |c BD-DhAAL 
100 1 |a Crowley, Joseph. 
245 1 0 |a Pilot Project on Concentration and Distribution Measures for a Selected Set of Financial Soundness Indicators /  |c Joseph Crowley, Plapa Koukpamou, Elena Loukoianova, Andre Mialou. 
264 1 |a Washington, D.C. :  |b International Monetary Fund,  |c 2016. 
300 |a 1 online resource (25 pages) 
490 1 |a IMF Working Papers 
500 |a <strong>Off-Campus Access:</strong> No User ID or Password Required 
500 |a <strong>On-Campus Access:</strong> No User ID or Password Required 
506 |a Electronic access restricted to authorized BRAC University faculty, staff and students 
520 3 |a This paper reports the main findings of a pilot project launched in July 2014 by the IMF's Statistics Department to test augmenting the IMF's financial soundness indicators (FSIs) with concentration and distribution measures (CDMs) to capture tail risks, concentrations, variations in distributions, and the volatility of indicators over time that simple averages can miss. Volunteer participants reported a trial set of CDMs to assess analytical usefulness and identify concerns such as confidentiality and reporting burden. The results of the pilot suggests that CDMs can help detect financial sector risks, justifying the additional reporting burden but that further input from participating countries and potential data users should be sought; indeed further refinement of the reporting requirements and the CDMs themselves may be needed. 
538 |a Mode of access: Internet 
650 7 |a CDM Dataset  |2 imf 
650 7 |a CDM  |2 imf 
650 7 |a Core FSIs  |2 imf 
650 7 |a Quartile  |2 imf 
650 7 |a WP  |2 imf 
700 1 |a Koukpamou, Plapa. 
700 1 |a Loukoianova, Elena. 
700 1 |a Mialou, Andre. 
830 0 |a IMF Working Papers; Working Paper ;  |v No. 2016/026 
856 4 0 |z Full text available on IMF  |u http://elibrary.imf.org/view/journals/001/2016/026/001.2016.issue-026-en.xml  |z IMF e-Library